000 00659nam a2200241Ia 4500
003 OSt
005 20220924124750.0
006 a|||||r|||| 00| 0
007 ta
008 220923b |||||||| |||| 00| 0 urd d
020 _c45
024 _a313736
037 _cTextual
040 _aARTS
_cARTS
_burd
041 _2urd
_aurd
082 _aO168,1M90:g, M4
100 _aKhan Zamin Ali
_9196925
245 0 _aJigar Moradabadi
_b Ek mutala
260 _aNew Delhi
_b Zauq Dehalvi Reasearch Insturdte India
_c1984
650 _aURDU POETRY
942 _hO168,1M90:g, M4
_cTEXL
_2CC
999 _c420891
_d420891